Online
Catalog

La ciudad : (Record no. 24567)

MARC details
000 -CABECERA
campo de control de longitud fija 00673nam a2200181 a 4500
001 - NÚMERO DE CONTROL
campo de control 000025074
005 - FECHA Y HORA DE LA ÚLTIMA TRANSACCIÓN
campo de control 20200930023540.0
008 - DATOS DE LONGITUD FIJA--INFORMACIÓN GENERAL
campo de control de longitud fija 110209s1967 mx a r 000 0 spa d
040 ## - FUENTE DE LA CATALOGACIÓN
Centro catalogador/agencia de origen DO-SdBNP
Lengua de catalogación spa
Centro/agencia transcriptor BNPHU
082 ## - NÚMERO DE LA CLASIFICACIÓN DECIMAL DEWEY
Número de clasificación xxxxx
Número de documento/Ítem S112c
049 ## - FONDOS LOCALES (OCLC)
Fondos de biblioteca BNGR
100 1# - ENTRADA PRINCIPAL--NOMBRE DE PERSONA
Nombre de persona Saarinen, Eliel
9 (RLIN) 51449
245 13 - MENCIÓN DE TÍTULO
Título La ciudad :
Resto del título su crecimiento, su declinación y su futuro /
Mención de responsabilidad, etc. Eliel Saarinen ; traducción Fulvio Zama.
260 ## - PUBLICACIÓN, DISTRIBUCIÓN, ETC.
Lugar de publicación, distribución, etc. México, D. F. :
Nombre del editor, distribuidor, etc. Limusa Wiley,
Fecha de publicación, distribución, etc. 1967.
300 ## - DESCRIPCIÓN FÍSICA
Extensión 307 p. :
Otras características físicas il. ;
Dimensiones 20 cm.
534 ## - NOTA SOBRE LA VERSIÓN ORIGINAL
Encabezamiento principal del original Título original:
Mención de título del original The city-its growth, its decay, its future,
Publicación, distribución, etc. del original Massachusetts: Reinhold Publishing Corporation, 1943
700 1# - PUNTO DE ACCESO ADICIONAL--NOMBRE DE PERSONA
Nombre de persona Zama, Fulvio,
Término indicativo de función/relación tr.
9 (RLIN) 51450
Holdings
Estado de retiro Estado de pérdida Restricciones de uso No para préstamo Código de colección Localización permanente Ubicación/localización actual Ubicación en estantería Fecha de adquisición Número de inventario Total de préstamos Signatura topográfica completa Código de barras Fecha visto por última vez Precio válido a partir de Tipo de ítem Koha
        Monografías: Libros y Folletos General General En catalogación 09.02.2011 LF1   xxxxx S112c 25074-10 25.06.2020 25.06.2020 Préstamo en sala

Powered by Koha